Passar das Marcas (Registo nº 1122)

Detalhes MARC
000 -Etiqueta do registo
Cabeçalho 01294nlm0a2200325 i 4500
005 - Identificador da versão
Campo de controlo 20240813121826.0
071 0# - Número do editor (registos sonoros e música) 
Número do editor 11310/07
100 ## - Dados gerais de processamento
Dados gerais de processamento 20100519d19972007m y0pory5003 ba
102 ## - Pais de publicação ou produção
País de publicação Portugal
101 0# - Língua de publicação
Língua do texto, banda sonora, etc. Inglês
Língua das legendas Português
115 ## - Campo de dados codificados: Projecções Visuais, Filmes e Vídeos
Dados modificados - geral b023bbzzzbz zzxxc
215 ## - Descrição física 
Indicação específica da natureza do documento e extensão da espécie 1 DVD (PAL 2) ( 23 min.)
Outras indicações físicas col., son.
Dimensões 12 cm
200 1# - Titulo e menção de responsabilidade
Título próprio Passar das Marcas
Indicação geral da natureza do documento Registo Vídeo
Primeira menção de responsabilidade real. Connie LittleField
225 2# - Colecção 
Título próprio da colecção Filmes Educativos
210 ## - Publicação, Distribuição, etc. 
Lugar da edição, distribuição, etc. PT
Nome do editor, distribuidor, etc. [distrib.] Flaminia
Data da publicação, distribuição, etc. 2007
323 ## - Nota ao elenco (material de projecção e video de registos sonoros) 
Texto da nota Elenco:
322 ## - Nota aos responsáveis artísticos e técnicos (material de projecção e video e registos sonoros) 
Texto da nota Créditos: Produção: Office National du Film du Canada; Música, Thrush Hermit; Argumento, Ron Foley MacDonald; Voz, Brendan Maffit; Tradução, Maria Celeste Vieira;.
305 ## - Notas relativas à edição e história bibliográfica da publicação 
Texto da nota Data Lançamento: 2007
333 ## - Nota relativa aos potenciais utilizadores
Texto da nota Classificação: M6
330 ## - Sumário ou Resumo
Texto da nota Resumo: Uma reflexão em torno dos comportamento dos adolescentes face às exig~encias do mercado, às pressões dos pares e dos meios de comunicação social.
327 1# - Nota de conteúdo 
Texto da nota Conteúdo: Idioma: Inglês; Legendas: Português; Guião de exploração pedagógica; Capítulos; Galeria de Imagens
606 ## - Nome comum usado como assunto
Número de registo de entrada de autoridade 0001511
Palavra de ordem Filme
Subdivisão de assunto Documentário
610 2# - Termos de indexação não controlados
Subject Term DVD cinema
675 ## - Classificação Decimal Universal (CDU)
Notação 791.229.2
Edição BN
Língua da edição por
942 ## - Elementos de entrada adicionados (Koha)
Tipo de item no Koha Livro
Exemplares
Situação do levantamento Origin of item (home branch) (coded) Biblioteca de empréstimo Código de barras Cota Circulation type (not for loan) Tipo de documento Nota do exemplar Damaged status
  Biblioteca Escolar Eng. Nuno Mergulhão Biblioteca Escolar Eng. Nuno Mergulhão BENM2029 2029 DVD   DVD Sem mensagem